| 000 | 01037cam a2200265 a 4500 | ||
|---|---|---|---|
| 001 | 12677390 | ||
| 005 | 20060721180756.0 | ||
| 008 | 020212s1963 nyu |db 001 0deng d | ||
| 010 | _a 2002522686 | ||
| 040 |
_aDLC _cDLC _dDLC |
||
| 050 | 0 | 0 |
_aDD247.E5 _bA7 1965 |
| 082 |
_a341.41 _bARE |
||
| 100 | 1 |
_aArendt, Hannah, _d1906-1975. _910509 |
|
| 245 | 1 | 0 |
_aEichmann in Jerusalem : _bA Report on the Banality of Evil / _cBy Hannah Arendt. |
| 250 | _aRev. and enl. ed. | ||
| 260 |
_aNew York : _bViking Press _cc1963. |
||
| 300 |
_a275 p. : _c20 cm. |
||
| 500 | _aDonated by Alla Abd El Ghany. | ||
| 504 | _aIncludes bibliographical references and index. | ||
| 600 | 1 | 0 |
_aEichmann, Adolf, _d1906-1962. _910510 |
| 650 | 0 |
_aHolocaust, Jewish (1939-1945) _910511 |
|
| 650 | 0 |
_aWar crime trials _zJerusalem. _910512 |
|
| 942 |
_2ddc _cBB |
||
| 999 |
_c13170 _d13170 |
||